00469nam a2200145Ia 4500008004100000041000800041082001500049100001700064245002200081260003900103300002900142365001100171999001500182952012600197240624s9999 xx 000 0 und d aeng a658.87 BAJ aBAJAJ CHETAN aRETAIL MANAGEMENT c2004aOxford University press,2004 ax, : 698 : p. : cm. ; 23 cRSb30 c5703d5703 00104070aIMTNbIMTNcRack 36-Bd2007-08-17eIBHg295.00n691o658.87 BAJp5703r2024-06-24 00:00:00t1w2024-06-24yBK